DPH pri obchodovaní s krajinami v rámci EÚ

Pravidlá pri pohybe tovaru, ktoré upravujú nadobudnutie tovaru v rámci únie. Smernice a nariadenia pre zabezpečenie jednotného systému DPH. Obchodovanie s iným subjektom z iných štátov EÚ.

Enregistré dans:
Détails bibliographiques
Auteur principal: Válek, Juraj, 1981-
Format: Chapitre de livre
Langue:slovaque
Sujets:
Tags: Ajouter un tag
Pas de tags, Soyez le premier à ajouter un tag!

MARC

LEADER 00000naa a2200000 4500
001 0190201
005 20230912114213.3
041 0 |a slo 
044 |a SK 
245 1 0 |a DPH pri obchodovaní s krajinami v rámci EÚ  |c Juraj Válek 
520 |a Pravidlá pri pohybe tovaru, ktoré upravujú nadobudnutie tovaru v rámci únie. Smernice a nariadenia pre zabezpečenie jednotného systému DPH. Obchodovanie s iným subjektom z iných štátov EÚ. 
610 2 0 |a Európska únia 
610 2 0 |a obchod medzinárodný 
610 2 0 |a obchod zahraničný 
610 2 0 |a politika obchodná 
610 2 0 |a pohyb tovaru 
610 2 0 |a dane z hodnoty pridanej 
100 1 |a Válek, Juraj, 1981-